American English file. Multipack 1A

Saved in:
Bibliografiske detaljer
Main Authors: Oxenden, Clive (Author), Latham-Koenig, Christina (Author), Seligson, Paul (Author)
Format: Bog
Sprog:engelsk
Udgivet: New York,USA ; Oxford, United Kingdom : Oxford University Press, 2008.
Fag:
Tags: Tilføj Tag
Ingen Tags, Vær først til at tagge denne postø!

MARC

LEADER 00000cam a2200000 a 4500
001 16052655
003 CL-VaPUC
005 20250407202444.0
008 100113s2008 nyua 000 0 eng d
999 |c 447278  |d 447276 
010 |a  2010290189 
020 |a 978-0-19-477421-5 
035 |a (OCoLC)ocn435438992 
040 |a UAB  |c Pontificia Universidad Católica de Valparaíso  |d UAB  |d DLC 
042 |a lccopycat 
050 0 0 |a PE2807  |b .O943 2008 
082 0 4 |a 421.54 OXE 2008  |2 22 
100 1 |a Oxenden, Clive.  |e author  |9 896688 
245 1 0 |a American English file.  |n Multipack 1A 
260 |a New York,USA ;  |a Oxford, United Kingdom :  |b Oxford University Press,  |c 2008. 
300 |a 39 páginas :  |b ilustraciones   |e + 1 CD. 
500 |a c.1. -c.10. Instituto Arcos 8-1-2025. 
583 |c 20250312  |k GC 
650 0 |a Lengua inglesa  |x Estudio y enseñanza  |z Estados Unidos  |9 896689 
650 0 |a Lengua inglesa   |z Estados Unidos  |v Problemas, ejercicios, etc.  |9 896690 
700 1 |a Latham-Koenig, Christina.  |e author  |9 896691 
700 1 |a Seligson, Paul.  |e author  |9 896692 
942 |2 ddc  |c BK  |n 0 
952 |0 0  |1 0  |2 ddc  |4 0  |6 421_540000000000000_OXE_2008  |7 0  |8 A  |9 601074  |a BIBINC  |b BIBINC  |d 2025-03-12  |e Instituto Arcos   |i 5665971  |o 421.54 OXE 2008  |p 5665971  |r 2025-03-12  |t 1  |w 2025-03-12  |y BK  |k IFP 
952 |0 0  |1 0  |2 ddc  |4 0  |6 421_540000000000000_OXE_2008  |7 0  |8 A  |9 601075  |a BIBINC  |b BIBINC  |d 2025-03-12  |e Instituto Arcos   |i 5665972  |o 421.54 OXE 2008  |p 5665972  |r 2025-03-12  |t 2  |w 2025-03-12  |y BK  |k IFP 
952 |0 0  |1 0  |2 ddc  |4 0  |6 421_540000000000000_OXE_2008  |7 0  |8 A  |9 601076  |a BIBINC  |b BIBINC  |d 2025-03-12  |e Instituto Arcos   |i 5665973  |o 421.54 OXE 2008  |p 5665973  |r 2025-03-12  |t 3  |w 2025-03-12  |y BK  |k IFP 
952 |0 0  |1 0  |2 ddc  |4 0  |6 421_540000000000000_OXE_2008  |7 0  |8 A  |9 601077  |a BIBINC  |b BIBINC  |d 2025-03-12  |e Instituto Arcos   |i 5665974  |o 421.54 OXE 2008  |p 5665974  |r 2025-03-12  |t 4  |w 2025-03-12  |y BK  |k IFP 
952 |0 0  |1 0  |2 ddc  |4 0  |6 421_540000000000000_OXE_2008  |7 0  |8 A  |9 601078  |a BIBINC  |b BIBINC  |d 2025-03-12  |e Instituto Arcos   |i 5665975  |o 421.54 OXE 2008  |p 5665975  |r 2025-03-12  |t 5  |w 2025-03-12  |y BK  |k IFP 
952 |0 0  |1 0  |2 ddc  |4 0  |6 421_540000000000000_OXE_2008  |7 0  |8 A  |9 601079  |a BIBINC  |b BIBINC  |d 2025-03-12  |e Instituto Arcos   |i 5665976  |o 421.54 OXE 2008  |p 5665976  |r 2025-03-12  |t 6  |w 2025-03-12  |y BK  |k IFP 
952 |0 0  |1 0  |2 ddc  |4 0  |6 421_540000000000000_OXE_2008  |7 0  |8 A  |9 601080  |a BIBINC  |b BIBINC  |d 2025-03-12  |e Instituto Arcos   |i 5665977  |o 421.54 OXE 2008  |p 5665977  |r 2025-03-12  |t 7  |w 2025-03-12  |y BK  |k IFP 
952 |0 0  |1 0  |2 ddc  |4 0  |6 421_540000000000000_OXE_2008  |7 0  |8 A  |9 601081  |a BIBINC  |b BIBINC  |d 2025-03-12  |e Instituto Arcos   |i 5665978  |o 421.54 OXE 2008  |p 5665978  |r 2025-03-12  |t 8  |w 2025-03-12  |y BK  |k IFP 
952 |0 0  |1 0  |2 ddc  |4 0  |6 421_540000000000000_OXE_2008  |7 0  |8 A  |9 601082  |a BIBINC  |b BIBINC  |d 2025-03-12  |e Instituto Arcos   |i 5665979  |o 421.54 OXE 2008  |p 5665979  |r 2025-03-12  |t 9  |w 2025-03-12  |y BK  |k IFP 
952 |0 0  |1 0  |2 ddc  |4 0  |6 421_540000000000000_OXE_2008  |7 0  |8 A  |9 601083  |a BIBINC  |b BIBINC  |d 2025-03-12  |e Instituto Arcos   |i 5665980  |o 421.54 OXE 2008  |p 5665980  |r 2025-03-12  |t 10  |w 2025-03-12  |y BK  |k IFP